000 00541nam a22001817a 4500
003 OSt
005 20140310182436.0
008 130220t xxu||||| |||| 00| 0 eng d
020 _a978971044540
050 _aDS 675.8
_b.T114 2009
100 _aTabotabo, Claudio V.
_97529
245 _aJose P. Rizal :
_cClaudio V. Tabotabo; Roman D. LeaƱo Jr.
_ba hero's life /
260 _aIntramuros, Manila :
_bMindshapers Co., Inc.,
_cc2009.
300 _aix, 181 p. :
_c23 cm.
_bill. ;
541 _j1
562 _e1
942 _2lcc
_cSSLC
999 _c13434
_d13434